| 000 | 00903nam a22002057a 4500 | ||
|---|---|---|---|
| 999 |
_c22354 _d22354 |
||
| 003 | AR-CdUCM | ||
| 008 | 190425b ||||| |||| 00| 0 spa d | ||
| 040 |
_aMUNICIPALIDAD PROVINCIAL DEL CUSCO _cBIBLIOTECA MUNICIPAL DEL CUSCO |
||
| 082 | _aEstudiante/N°49/1940 | ||
| 245 |
_aEl estudiante : _bÓrgano de los Estudiantes Dominicos del Estudio General del Cuzco / |
||
| 260 |
_aCusco. _bH.G.Rozas, _c1940. |
||
| 300 |
_a85 páginas. : _c24 cm. |
||
| 440 |
_aEl estudiante. _nAño IX, N°49,50,51, enero a junio 1940. _947920 |
||
| 505 | _aContenido: La ciencia de Dios. -- Unas ideas sobre la trinidad. -- Solo Dios constituye la perfecta bienaventuranza. -- El pecado es el mayor de los males. -- Canonización del Beato Martín de Porres. ... | ||
| 650 |
_aCatolicismo _92175 |
||
| 650 |
_aIglesia católica _93151 |
||
| 650 |
_aEvangelización católica _947921 |
||
| 942 |
_2ddc _cPP |
||
| 945 | _arac | ||